000 00463 a2200181 4500
005 20260205141612.0
008 260205b |||||||| |||| 00| 0 eng d
020 _a9781032169880
_c€ 38.99
040 _aMAIN
082 _a796.071
_bN171D
100 _aNash, Christine, ed.
245 _aDeveloping sport coaches
260 _bRoutledge
_c2023
_aNew York
300 _axvi, 272
650 _aPhycical Education
650 _aSports Coaches
942 _cBK
999 _c394199
_d394199